[Event "Stay Safe Play From Home 236"]
[Site "Emanuel Lasker Arena"]
[Date "2020.06.18"]
[Round "4"]
[White "Klasman"]
[Black "Trotsky"]
[Result "0-1"]
[WhiteElo "1268"]
[BlackElo "1485"]
[Annotator "NA RC"]
[PlyCount "58"]
[EventDate "2020.06.18"]
[EventType "swiss (blitz)"]

1. f4 {[%emt 0:00:02]} d5 {[%emt 0:00:01]} 2. c4 {[%emt 0:00:01]} e6 {[%emt 0:00:01]} 3. Nf3 {[%emt 0:00:02]} c5 {[%emt 0:00:01]} 4. b4 {[%emt 0:00:02]} Nc6 {[%emt 0:00:01]} 5. bxc5 {[%emt 0:00:01]} Bxc5 {[%emt 0:00:01]} 6. e3 {[%emt 0:00:03]} Qc7 {[%emt 0:00:01]} 7. d4 {[%emt 0:00:01]} Bd6 {[%emt 0:00:01]} 8. c5 {[%emt 0:00:02]} Be7 {[%emt 0:00:04]} 9. Ne5 {[%emt 0:00:01]} f6 {[%emt 0:00:02]} 10. Qh5+ {[%emt 0:00:03]} g6 {[%emt 0:00:04]} 11. Nxg6 {[%emt 0:00:01]} Kd7 {[%emt 0:00:02]} 12. Nxh8 {[%emt 0:00:02]} e5 {[%emt 0:00:06]} 13. fxe5 {[%emt 0:00:02]} Nxe5 {[%emt 0:00:01]} 14. dxe5 {[%emt 0:00:02]} Qxe5 {[%emt 0:00:02]} 15. Qxe5 {[%emt 0:00:03]} fxe5 {[%emt 0:00:01]} 16. Nf7 {[%emt 0:00:02]} Bxc5 {[%emt 0:00:01]} 17. Nxe5+ {[%emt 0:00:01]} Kd6 {[%emt 0:00:01]} 18. Nd3 {[%emt 0:00:02]} Bb6 {[%emt 0:00:02]} 19. Nc3 {[%emt 0:00:02]} Nf6 {[%emt 0:00:01]} 20. Nb5+ {[%emt 0:00:01]} Kc6 {[%emt 0:00:03]} 21. a4 {[%emt 0:00:03]} Be6 {[%emt 0:00:03]} 22. Ba3 {[%emt 0:00:01]} Re8 {[%emt 0:00:02]} 23. Rc1+ {[%emt 0:00:01]} Kd7 {[%emt 0:00:02]} 24. Ne5+ {[%emt 0:00:03]} Kd8 {[%emt 0:00:02]} 25. Nf3 {[%emt 0:00:04]} d4 {[%emt 0:00:01]} 26. exd4 {[%emt 0:00:04]} Bd5+ {[%emt 0:00:02]} 27. Be2 {[%emt 0:00:02]} Bxf3 {[%emt 0:00:01]} 28. gxf3 {[%emt 0:00:02]} Bxd4 {[%emt 0:00:02]} 29. Nxd4 {[%emt 0:00:02]} Kd7 {[%emt 0:00:01] Time (Lag: Av=0.36s, max=0.9s)} 0-1

[Event "Stay Safe Play From Home 236"]
[Site "Emanuel Lasker Arena"]
[Date "2020.06.18"]
[Round "5"]
[White "Broken sword"]
[Black "little champs"]
[Result "1-0"]
[WhiteElo "2423"]
[BlackElo "2282"]
[Annotator "TA"]
[PlyCount "99"]
[EventDate "2020.06.18"]
[EventType "swiss (blitz)"]

{[%evp 17,98,32,33,41,56,33,46,46,684,687,734,703,1034,950,1007,973,1193,1192,1153,924,970,930,1052,968,1088,1077,1054,1039,1091,1014,1195,1180,1174,1169,1229,1201,1220,1185,1516,1267,2804,1631,29988,29989,29991,1466,1986,1825,5117,1441,6536,1351,3924,4019,3109,2380,29983,29984,29984,29985,29989,29982,29982,29983,29985,29986,29986,29987,29987,29985,29989,29990,29990,29991,29993,29994,29995,29996,29996,29997,29998,29999,29999]} 1. d4 d5 2. Nf3 e6 3. c4 Nf6 4. Nc3 dxc4 5. Bg5 Be7 6. e3 O-O 7. Bxc4 c5 8. O-O cxd4 9. Nxd4 a6 10. Rc1 {D50: Queen's Gambit Declined: Dutch-Peruvian Gambit.} b5 {[#]} 11. Be2 $146 ({Predecessor:} 11. Bd3 Bb7 12. Qc2 Nbd7 13. Rfd1 h6 14. Bh4 Rc8 15. Qb1 Qb6 16. Ne4 Rfe8 17. h3 Nxe4 18. Bxe7 Rxc1 19. Rxc1 Nxf2 {½-½ (40) Rua,N (1992)-Echeverry Ramirez,M (1855) Medellin 2010}) 11... Bb7 12. Bf3 {White is slightly better.} Nbd7 $2 {[%mdl 8192] [#]} (12... Qb6 $14) 13. Bxb7 $18 Rb8 14. Nc6 Qb6 15. Nxe7+ Kh8 16. Bf3 Rfe8 17. Nc6 Rbc8 18. Nd4 e5 19. Nb3 e4 20. Be2 Ne5 21. Nd5 Nxd5 22. Qxd5 f6 23. Bf4 Ng6 24. Rxc8 Rxc8 25. Qxe4 a5 26. Nd4 b4 27. Bd3 a4 28. Qf3 b3 29. axb3 axb3 30. Bxg6 hxg6 31. h4 (31. Qh3+ $142 Kg8 32. Qxc8+ Kh7 33. Ra1 g5 34. Ra8 Qd8 35. Qxd8 gxf4 36. Qh8+ Kg6 {[#]} 37. Rg8 $1 {[%mdl 512]} f5 38. Qxg7+ Kh5 39. Rh8#) 31... Kg8 32. Rd1 Rd8 33. Qe2 Qc5 34. Qd2 g5 35. hxg5 fxg5 36. Bg3 Kh7 37. Rc1 {White mates.} Qd5 38. Qd3+ g6 39. Qxb3 Qxb3 40. Nxb3 Rd3 41. Nd4 Rd2 42. Rb1 Rd3 43. b4 Rc3 44. b5 Rc8 45. b6 Rc4 46. b7 Rc3 47. b8=Q g4 48. Rb7+ Kh6 49. Qh8+ Kg5 50. Bf4# {White took control after the opening.} 1-0

[Event "Stay Safe Play From Home 236"]
[Site "Emanuel Lasker Arena"]
[Date "2020.06.18"]
[Round "5"]
[White "Lamborghini"]
[Black "BrainThinker22"]
[Result "1-0"]
[WhiteElo "2266"]
[BlackElo "2312"]
[Annotator "NA RC"]
[PlyCount "145"]
[EventDate "2020.06.18"]
[EventType "swiss (blitz)"]

1. e4 {[%emt 0:00:02]} c6 {[%emt 0:00:00]} 2. d4 {[%emt 0:00:01]} d5 {[%emt 0:00:00]} 3. Nc3 {[%emt 0:00:00]} dxe4 {[%emt 0:00:00]} 4. Nxe4 {[%emt 0:00:00]} Bf5 {[%emt 0:00:00]} 5. Ng3 {[%emt 0:00:01]} Bg6 {[%emt 0:00:00]} 6. h4 {[%emt 0:00:00]} h6 {[%emt 0:00:00]} 7. Nf3 {[%emt 0:00:00]} Nd7 {[%emt 0:00:01]} 8. h5 {[%emt 0:00:00]} Bh7 {[%emt 0:00:01]} 9. Bd3 {[%emt 0:00:00]} Bxd3 {[%emt 0:00:00]} 10. Qxd3 {[%emt 0:00:00]} e6 {[%emt 0:00:00]} 11. Bf4 {[%emt 0:00:01]} Qa5+ {[%emt 0:00:01]} 12. Bd2 {[%emt 0:00:01]} Bb4 {[%emt 0:00:01]} 13. c3 {[%emt 0:00:00]} Be7 {[%emt 0:00:00]} 14. c4 {[%emt 0:00:01]} Qc7 {[%emt 0:00:00]} 15. O-O-O {[%emt 0:00:02]} Ngf6 {[%emt 0:00:00]} 16. Kb1 {[%emt 0:00:01]} O-O-O {[%emt 0:00:01]} 17. Rc1 {[%emt 0:00:01]} Nc5 {[%emt 0:00:02]} 18. Qe2 {[%emt 0:00:01]} Na6 {[%emt 0:00:01]} 19. a3 {[%emt 0:00:02]} Rhe8 {[%emt 0:00:02]} 20. Bc3 {[%emt 0:00:01]} c5 {[%emt 0:00:01]} 21. Rhd1 {[%emt 0:00:03]} Bd6 {[%emt 0:00:01]} 22. Ne4 {[%emt 0:00:02]} Nxe4 {[%emt 0:00:01]} 23. Qxe4 {[%emt 0:00:00]} Bf4 {[%emt 0:00:00]} 24. Rc2 {[%emt 0:00:01]} cxd4 {[%emt 0:00:02]} 25. Bxd4 {[%emt 0:00:01]} Nc5 {[%emt 0:00:01]} 26. Bxc5 {[%emt 0:00:01]} Rxd1+ {[%emt 0:00:01]} 27. Ka2 {[%emt 0:00:01]} Qxc5 {[%emt 0:00:03]} 28. Qxf4 {[%emt 0:00:01]} Qc7 {[%emt 0:00:01]} 29. Qg4 {[%emt 0:00:04]} f6 {[%emt 0:00:01]} 30. Nd4 {[%emt 0:00:01]} Qd6 {[%emt 0:00:02]} 31. Qxd1 {[%emt 0:00:02]} e5 {[%emt 0:00:00]} 32. Qg4+ {[%emt 0:00:01]} Kb8 {[%emt 0:00:01]} 33. Nb5 {[%emt 0:00:01]} Qe7 {[%emt 0:00:03]} 34. Qe4 {[%emt 0:00:01]} a6 {[%emt 0:00:01]} 35. Nc3 {[%emt 0:00:01]} Rc8 {[%emt 0:00:00]} 36. Rd2 {[%emt 0:00:02]} Qc5 {[%emt 0:00:02]} 37. Nd5 {[%emt 0:00:01]} Qxc4+ {[%emt 0:00:02]} 38. Qxc4 {[%emt 0:00:01]} Rxc4 {[%emt 0:00:00]} 39. Ne7 {[%emt 0:00:00]} Rh4 {[%emt 0:00:01]} 40. Nf5 {[%emt 0:00:02]} Rxh5 {[%emt 0:00:01]} 41. Nxg7 {[%emt 0:00:00]} Rg5 {[%emt 0:00:00]} 42. Ne6 {[%emt 0:00:01]} Rxg2 {[%emt 0:00:01]} 43. Nc5 {[%emt 0:00:01]} f5 {[%emt 0:00:02]} 44. Rd7 {[%emt 0:00:01]} e4 {[%emt 0:00:01]} 45. Rxb7+ {[%emt 0:00:01]} Kc8 {[%emt 0:00:00]} 46. Rf7 {[%emt 0:00:01]} Rxf2 {[%emt 0:00:01]} 47. Nxe4 {[%emt 0:00:01]} Re2 {[%emt 0:00:01]} 48. Nd6+ {[%emt 0:00:01]} Kd8 {[%emt 0:00:01]} 49. Nxf5 {[%emt 0:00:00]} h5 {[%emt 0:00:02]} 50. Rh7 {[%emt 0:00:01]} Rh2 {[%emt 0:00:02]} 51. Nd6 {[%emt 0:00:01]} h4 {[%emt 0:00:01]} 52. Kb3 {[%emt 0:00:01]} Rh3+ {[%emt 0:00:01]} 53. Kc4 {[%emt 0:00:00]} Rh2 {[%emt 0:00:01]} 54. Kd5 {[%emt 0:00:01]} Rxb2 {[%emt 0:00:01]} 55. Ke6 {[%emt 0:00:01]} Re2+ {[%emt 0:00:01]} 56. Kd5 {[%emt 0:00:01]} Rd2+ {[%emt 0:00:00]} 57. Kc6 {[%emt 0:00:01]} Rc2+ {[%emt 0:00:00]} 58. Kd5 {[%emt 0:00:00]} Rd2+ {[%emt 0:00:01]} 59. Ke6 {[%emt 0:00:00]} Re2+ {[%emt 0:00:00]} 60. Kf6 {[%emt 0:00:01]} Rf2+ {[%emt 0:00:00]} 61. Nf5 {[%emt 0:00:00]} Rd2 {[%emt 0:00:01]} 62. Rh8+ {[%emt 0:00:00]} Kc7 {[%emt 0:00:01]} 63. Rxh4 {[%emt 0:00:00]} Kb6 {[%emt 0:00:00]} 64. Re4 {[%emt 0:00:01]} Ka5 {[%emt 0:00:00]} 65. Re5+ {[%emt 0:00:00]} Ka4 {[%emt 0:00:02]} 66. Re6 {[%emt 0:00:00]} Kxa3 {[%emt 0:00:00]} 67. Rxa6+ {[%emt 0:00:01]} Kb2 {[%emt 0:00:00]} 68. Re6 {[%emt 0:00:00]} Rc2 {[%emt 0:00:00]} 69. Nd6 {[%emt 0:00:01]} Kc1 {[%emt 0:00:00]} 70. Ne4 {[%emt 0:00:00]} Kb2 {[%emt 0:00:00]} 71. Ke5 {[%emt 0:00:00]} Rc1 {[%emt 0:00:00]} 72. Rb6+ {[%emt 0:00:01]} Kc2 {[%emt 0:00:01]} 73. Kd4 {[%emt 0:00:00] Time (Lag: Av=0.33s, max=0.8s)} 1-0

[Event "Stay Safe Play From Home 236"]
[Site "Emanuel Lasker Arena"]
[Date "2020.06.18"]
[Round "5"]
[White "SoulofWolf"]
[Black "Bardellosport"]
[Result "0-1"]
[WhiteElo "2201"]
[BlackElo "2034"]
[Annotator "TA"]
[PlyCount "83"]
[EventDate "2020.06.18"]
[EventType "swiss (blitz)"]

{[%evp 12,83,31,22,22,20,36,4,5,0,6,0,4,0,0,-12,0,-15,-13,-40,-12,-43,-18,-33,-17,-21,41,0,30,-98,8,-115,-47,-62,-24,-164,-54,-70,-54,-58,0,-205,-203,-199,-56,-71,-23,-22,0,0,109,110,131,113,145,131,325,314,324,-394,-11,-542,-525,-988,-870,-1297,-1269,-29990,-824,-29994,-29995,-29998,-29999,-29999]} 1. Nf3 d6 2. c4 g6 3. e3 Bg7 4. Nc3 Nd7 5. d4 e5 6. Be2 Ne7 7. O-O O-O {A41: 1 d4 d6: Tartakower System and Modern Defence.} 8. b3 f5 {[#]} 9. a4 $146 ({Predecessor:} 9. dxe5 Nxe5 10. Nxe5 Bxe5 11. Bb2 f4 12. exf4 Rxf4 13. Nd5 Rf5 14. Bxe5 Rxe5 15. f4 {1-0 (30) Seegers,H (2178)-Liedmann,D (2097) Germany 2012}) 9... e4 {The position is equal.} 10. Ne1 Nf6 11. Ba3 c6 12. Qd2 Re8 13. Rc1 d5 14. f3 exf3 15. Bxf3 (15. Nxf3 {feels hotter.} Bh6 16. Ne5 Be6 17. Rc2 Nd7 18. Nf3) 15... Ne4 (15... Bh6 {is more complex.} 16. Nc2 Be6 17. c5 a5 18. g3 Ne4) 16. Bxe4 dxe4 17. g3 Be6 18. Ng2 Bf7 (18... a6 $11) 19. h4 Rc8 20. Nf4 (20. Qf2 $11) 20... Rc7 ({Black should try} 20... c5 $1 $17 {[%cal Rc5d4]} 21. Rcd1 cxd4 22. exd4 Nc6) 21. Bb4 {[#]} (21. Qh2 $11 {keeps the balance.}) 21... Rd7 ({Black should play} 21... c5 $1 $17 {[%cal Rc5b4][%mdl 512]} 22. Ba3 (22. Bxc5 Rxc5) 22... cxd4) 22. Qc2 b6 {...c5! is the strong threat.} 23. c5 {[#]} (23. Ba3 $11) 23... a5 (23... Rxd4 $1 $19 {[%mdl 512]} 24. Rfd1 (24. exd4 Qxd4+) 24... Rxd1+ 25. Rxd1 Qc7) 24. Ba3 $15 bxc5 25. Bxc5 Nd5 (25... Rb7 $15) 26. Nd1 $2 (26. Ncxd5 $11 {and White has nothing to worry.} Bxd5 27. Rb1) 26... Nxf4 $19 27. exf4 Bd5 ({Better is} 27... Qb8 $19 28. Ne3 Bxd4 29. Bxd4 Rxd4) 28. Ne3 $15 Rf7 29. Qc3 Qc7 30. Rb1 Qd7 (30... Be6 $11 {remains equal.}) 31. Qxa5 $16 Rb8 32. Qc3 h6 33. b4 g5 $2 (33... Be6 $16 {was worth a try.} 34. Nc4 Rd8) 34. fxg5 $18 ({Don't do} 34. hxg5 Be6 $18) 34... hxg5 35. Ng2 $4 {[%mdl 8192] [#]} (35. hxg5 $18 {Strongly threatening Rb2.} Bh8 36. Rb2) 35... gxh4 $2 (35... f4 $1 $19 {[%mdl 512]} 36. Rb2 (36. gxf4 $2 gxf4 37. Rxf4 Rxf4 $19) (36. hxg5 $2 f3 $19) 36... Qh3) 36. Nxh4 $2 {[%mdl 8192] [#]} (36. Qe3 $11 {and White stays safe.}) 36... f4 $1 $19 {[%mdl 512]} 37. b5 {intending bxc6.} (37. Rxf4 Rxf4) 37... Qg4 {White must now prevent ...e3.} 38. Ng2 f3 39. bxc6 Qxg3 (39... Rxb1 $142 40. Rxb1 Qxg3 {[%mdl 64] Pin} 41. Rb8+ Bf8 42. Rb2 f2+ {[%mdl 64] Discovered Attack} 43. Kf1 {[#]} Qxg2+ $1 {[%mdl 576] Promotion} 44. Kxg2 f1=Q+ 45. Kh2 Rh7+ 46. Kg3 Rh3+ {[%mdl 64] Skewer} 47. Kg4 Be6+ 48. Kg5 Qf5#) 40. Qd2 Rxb1 41. Rc1 Rxc1+ 42. Qxc1 {Black used his chance. Accuracy: White = 38%, Black = 43%.} 0-1

[Event "Stay Safe Play From Home 236"]
[Site "Emanuel Lasker Arena"]
[Date "2020.06.18"]
[Round "5"]
[White "Position"]
[Black "Haxhi Baha"]
[Result "1-0"]
[WhiteElo "2064"]
[BlackElo "1996"]
[Annotator "TA"]
[PlyCount "79"]
[EventDate "2020.06.18"]
[EventType "swiss (blitz)"]

{[%evp 9,79,-13,18,14,20,19,35,27,38,0,6,8,8,0,0,0,45,50,52,-85,-77,-69,-84,-80,-41,-59,-17,-24,-28,-55,-38,-27,-21,-60,-55,-72,-13,-10,25,29,104,27,27,0,62,54,70,83,281,283,267,93,464,223,227,172,178,145,144,140,142,153,252,118,186,0,874,884,828,803,1243,757]} 1. e3 d5 2. d4 c5 3. Nf3 Nc6 4. h3 Nf6 5. Bd3 {[#]} Qc7 $146 ({Predecessor:} 5... c4 6. Be2 Bf5 7. Nh4 Bd7 8. b3 b5 9. a4 a6 10. O-O e6 11. Nf3 Bd6 12. bxc4 bxc4 {½-½ (54) Degtyaryov,S (2306)-Magat,G (2288) ICCF email 2018}) 6. O-O {D02: 1 d4 d5 2 Nf3 sidelines, including 2...Nf6 3 g3 and 2...Nf6 3 Bf4.} e5 7. dxe5 Nxe5 8. Nxe5 {White is slightly better.} Qxe5 9. Nd2 Bd6 {[%csl Gd6][%cal Re5h2]} 10. Nf3 Qe7 11. Re1 O-O 12. c4 h6 13. cxd5 Nxd5 14. Qc2 {[#]} (14. Bb1 $14 Rd8 15. Qc2 (15. Qxd5 $2 Bh2+ {[%mdl 64] Discovered Attack} 16. Nxh2 Rxd5 $19)) 14... Nb4 $1 $17 {[%cal Rb4c2]} 15. Qe2 Nxd3 16. Qxd3 a6 17. Bd2 Bd7 18. Bc3 {Red1 is the strong threat.} Bb5 19. Qc2 Rad8 20. Rad1 Bc7 21. a4 Bc6 22. a5 Bxf3 (22... Rxd1 $17 23. Rxd1 Qe6) 23. gxf3 $11 Qh4 24. Qf5 $40 {[%mdl 128] White mounts an attack.} g6 (24... Qg5+ $11 {keeps the balance.} 25. Qg4 Qxg4+ 26. hxg4 Rxd1 27. Rxd1 Rd8) 25. Qg4 (25. Qxc5 $16 Qg5+ 26. Qxg5 hxg5 27. Bf6 Bxa5 28. Bxd8 (28. Bxg5 Rc8 $14) 28... Bxe1 29. Bxg5) 25... Qe7 26. f4 Kh7 (26... Rxd1 $11 27. Rxd1 Rd8) 27. Qf3 $14 Qe6 28. Kg2 Rd7 $2 (28... b5 $16 {was necessary.}) 29. Rxd7 $18 ({Not} 29. Qxb7 Rfd8 $16) 29... Qxd7 30. Rd1 $2 (30. Qxb7 $18 {And now Be5 would win.} Qc8 31. Qd5) 30... Qf5 $2 {[%mdl 8192]} (30... Qb5 $16) 31. Rd5 (31. Qxb7 $142 Bd8 32. Qxa6 Qe4+ 33. Kg1) 31... Qe6 32. f5 Qe7 33. f6 Qe6 34. Rxc5 Bd6 35. Rd5 Re8 (35... Rc8 $16 {is a better defense.} 36. e4 h5) 36. Bd4 (36. Qd1 $18 {has better winning chances.} Bc7 37. Rd7 Qc6+ {[#]} 38. e4 $1 {[%mdl 512]}) 36... Bb8 (36... Kg8 $16 {keeps fighting.} 37. Bc3 Rc8) 37. Bc3 $2 (37. e4 $18) 37... Qe4 $2 {[%mdl 8192]} (37... Bd6 $11) 38. Qxe4 {White is clearly winning.} Rxe4 39. Rd7 {[%mdl 64] Double Attack} Be5 40. Rxf7+ {Accuracy: White = 50%, Black = 43%.} 1-0

[Event "Stay Safe Play From Home 236"]
[Site "Emanuel Lasker Arena"]
[Date "2020.06.18"]
[Round "5"]
[White "Greblha"]
[Black "Aktürk"]
[Result "1-0"]
[WhiteElo "1942"]
[BlackElo "1478"]
[Annotator "TA"]
[PlyCount "77"]
[EventDate "2020.06.18"]
[EventType "swiss (blitz)"]

{[%evp 9,77,-83,-75,-81,-59,-75,-78,-95,-89,-121,-51,-120,-119,-141,-144,-137,-143,-143,-138,-140,-143,-193,-198,-372,-374,-344,-169,-165,-176,-182,-177,-215,-119,-110,-33,-56,0,0,0,0,176,79,166,0,318,241,1057,1010,1308,756,760,745,728,0,705,680,683,695,29993,29991,29988,0,29993,917,29994,29979,5202,1406,29995,29996]} 1. e4 e6 2. d4 Qf6 3. e5 Qg6 {[#]} 4. Bd3 $146 ({Predecessor:} 4. Nf3 b6 5. Qd3 Qxd3 6. Bxd3 Nf6 7. Nc3 Nd5 8. Be4 Bb7 9. O-O Na6 10. a3 Nxc3 11. Bxb7 {1-0 (22) Salo,A-Patel,N IECG email 1995}) 4... Qxg2 5. Qf3 Qxf3 6. Nxf3 {C01: French: Exchange Variation.} Nc6 7. c3 b6 8. Rg1 {Black is better.} Bb7 9. Ng5 Nce7 (9... f6 $17 10. Nf3 Nxe5 11. Nxe5 fxe5 12. dxe5 Ne7) 10. Bf4 (10. Nxh7 $15 Nf5 11. Nxf8) 10... Nd5 11. Bg3 h6 12. Nh3 g5 13. Nd2 Nge7 14. Ne4 Nf5 15. Nf6+ Nxf6 16. Bxf5 $2 (16. exf6 c5 17. dxc5) 16... exf5 $19 17. exf6 Bd6 (17... Bf3 $142 {And now ...0-0-0 would win.} 18. Kf1 O-O-O) 18. Bxd6 cxd6 19. O-O-O O-O-O 20. Rde1 g4 (20... f4 $19 21. Re7 Bd5) 21. Nf4 $17 h5 ({Black should try} 21... Be4 $17) 22. Re7 Rh7 (22... Rdf8 $15) 23. Rge1 Be4 24. Kd2 Kc7 $2 {[#]} (24... Rf8 $11) 25. c4 (25. Ne6+ $1 $18 {[%mdl 512] and the rest is easy.} fxe6 26. Rxh7) 25... a5 {[#]} (25... Kc8 $16) 26. d5 $2 (26. Ne6+ $1 $18 {[%mdl 512]} fxe6 27. Rxh7) 26... b5 $2 {[%mdl 8192]} (26... Kc8 $11 {and Black has nothing to worry.}) 27. cxb5 Bxd5 $2 (27... h4 28. Ne6+ fxe6 29. Rxh7 Bxd5) 28. Rc1+ Kb6 29. Nxd5+ Kxb5 30. Nc7+ Kb6 31. Nd5+ Kb5 32. a3 a4 33. b4 Rg7 34. Nc3+ Kb6 35. Nd5+ Kb5 36. Rc7 (36. fxg7 $142 Rg8 37. Rxf7 Ka6 {[#]} 38. Nf6 $1 {[%mdl 512]} Rd8 39. Rf8 Kb6 40. Rxd8 g3 41. g8=Q gxf2 42. Nxd7+ Kb7 43. Qd5+ $1 {[%mdl 576] Double Attack} Ka7 44. Ra8#) 36... Ka6 37. Rexd7 Rxd7 38. Rxd7 (38. fxg7 $142 Rd8 39. Rxf7) 38... h4 39. Rxd6+ {White used his chance. Accuracy: White = 60%, Black = 37%.} 1-0

[Event "Stay Safe Play From Home 236"]
[Site "Emanuel Lasker Arena"]
[Date "2020.06.18"]
[Round "5"]
[White "NeatFox"]
[Black "Souchov"]
[Result "0-1"]
[WhiteElo "1785"]
[BlackElo "1825"]
[Annotator "NA RC"]
[PlyCount "124"]
[EventDate "2020.06.18"]
[EventType "swiss (blitz)"]

1. g4 {[%emt 0:00:00]} d5 {[%emt 0:00:03]} 2. Bg2 {[%emt 0:00:00]} Bxg4 {[%emt 0:00:01]} 3. c4 {[%emt 0:00:00]} c6 {[%emt 0:00:02]} 4. cxd5 {[%emt 0:00:01]} cxd5 {[%emt 0:00:00]} 5. Qa4+ {[%emt 0:00:00]} Nc6 {[%emt 0:00:01]} 6. Qb3 {[%emt 0:00:01]} Qd7 {[%emt 0:00:07]} 7. Bxd5 {[%emt 0:00:02]} e6 {[%emt 0:00:01]} 8. Bf3 {[%emt 0:00:01]} Bxf3 {[%emt 0:00:02]} 9. Nxf3 {[%emt 0:00:00]} Nf6 {[%emt 0:00:01]} 10. Rg1 {[%emt 0:00:01]} O-O-O {[%emt 0:00:02]} 11. Nc3 {[%emt 0:00:01]} Bc5 {[%emt 0:00:02]} 12. e3 {[%emt 0:00:01]} Qd3 {[%emt 0:00:03]} 13. Qd1 {[%emt 0:00:02]} Nb4 {[%emt 0:00:02]} 14. Qe2 {[%emt 0:00:02]} Nc2+ {[%emt 0:00:01]} 15. Kd1 {[%emt 0:00:00]} Nxa1 {[%emt 0:00:01]} 16. Qxd3 {[%emt 0:00:01]} Rxd3 {[%emt 0:00:00]} 17. b3 {[%emt 0:00:01]} Nd5 {[%emt 0:00:01]} 18. Bb2 {[%emt 0:00:00]} Nxc3+ {[%emt 0:00:02]} 19. Bxc3 {[%emt 0:00:00]} Rhd8 {[%emt 0:00:01]} 20. Ke2 {[%emt 0:00:03]} Rxc3 {[%emt 0:00:02]} 21. dxc3 {[%emt 0:00:01]} Nc2 {[%emt 0:00:00]} 22. Rc1 {[%emt 0:00:03]} Na3 {[%emt 0:00:01]} 23. b4 {[%emt 0:00:01]} Be7 {[%emt 0:00:02]} 24. c4 {[%emt 0:00:02]} Bxb4 {[%emt 0:00:02]} 25. Nd4 {[%emt 0:00:03]} Bc5 {[%emt 0:00:01]} 26. Nb3 {[%emt 0:00:01]} Bb4 {[%emt 0:00:01]} 27. Nd4 {[%emt 0:00:01]} a5 {[%emt 0:00:00]} 28. Rb1 {[%emt 0:00:01]} Kc7 {[%emt 0:00:01]} 29. Rb2 {[%emt 0:00:00]} Kb6 {[%emt 0:00:01]} 30. Nb3 {[%emt 0:00:02]} Nxc4 {[%emt 0:00:01]} 31. Rc2 {[%emt 0:00:01]} Nd2 {[%emt 0:00:01]} 32. Nxd2 {[%emt 0:00:01]} Rxd2+ {[%emt 0:00:00]} 33. Rxd2 {[%emt 0:00:01]} Bxd2 {[%emt 0:00:00]} 34. Kxd2 {[%emt 0:00:00]} Kc5 {[%emt 0:00:01]} 35. Kd3 {[%emt 0:00:00]} b5 {[%emt 0:00:00]} 36. Kc3 {[%emt 0:00:00]} b4+ {[%emt 0:00:01]} 37. Kb3 {[%emt 0:00:01]} Kb5 {[%emt 0:00:00]} 38. a4+ {[%emt 0:00:01]} bxa3 {[%emt 0:00:01]} 39. Kxa3 {[%emt 0:00:00]} a4 {[%emt 0:00:00]} 40. Kb2 {[%emt 0:00:01]} e5 {[%emt 0:00:00]} 41. f3 {[%emt 0:00:01]} Kb4 {[%emt 0:00:00]} 42. f4 {[%emt 0:00:01]} exf4 {[%emt 0:00:01]} 43. exf4 {[%emt 0:00:00]} f5 {[%emt 0:00:00]} 44. h4 {[%emt 0:00:01]} a3+ {[%emt 0:00:00]} 45. Ka2 {[%emt 0:00:01]} g6 {[%emt 0:00:00]} 46. Ka1 {[%emt 0:00:02]} Kb3 {[%emt 0:00:00]} 47. h5 {[%emt 0:00:01]} gxh5 {[%emt 0:00:01]} 48. Kb1 {[%emt 0:00:00]} h4 {[%emt 0:00:00]} 49. Kc1 {[%emt 0:00:00]} h3 {[%emt 0:00:00]} 50. Kd2 {[%emt 0:00:00]} h2 {[%emt 0:00:00]} 51. Ke3 {[%emt 0:00:00]} h1=Q {[%emt 0:00:00]} 52. Kd4 {[%emt 0:00:00]} Qg2 {[%emt 0:00:00]} 53. Ke5 {[%emt 0:00:00]} Qf3 {[%emt 0:00:00]} 54. Kxf5 {[%emt 0:00:00]} a2 {[%emt 0:00:01]} 55. Ke5 {[%emt 0:00:01]} a1=Q+ {[%emt 0:00:00]} 56. Ke6 {[%emt 0:00:01]} Qac3 {[%emt 0:00:00]} 57. f5 {[%emt 0:00:00]} Qce3+ {[%emt 0:00:00]} 58. Kf7 {[%emt 0:00:01]} Qff4 {[%emt 0:00:00]} 59. Kf6 {[%emt 0:00:01]} Qee4 {[%emt 0:00:00]} 60. Kg7 {[%emt 0:00:01]} Qexf5 {[%emt 0:00:00]} 61. Kh8 {[%emt 0:00:01]} Q5g5 {[%emt 0:00:00]} 62. Kxh7 {[%emt 0:00:02]} Qfh4# {[%emt 0:00:00] (Lag: Av=0.63s, max=1.1s)} 0-1

[Event "Stay Safe Play From Home 236"]
[Site "Emanuel Lasker Arena"]
[Date "2020.06.18"]
[Round "5"]
[White "Tartak"]
[Black "Trotsky"]
[Result "1-0"]
[WhiteElo "1707"]
[BlackElo "1493"]
[Annotator "NA RC"]
[PlyCount "77"]
[EventDate "2020.06.18"]
[EventType "swiss (blitz)"]

1. d4 {[%emt 0:00:01]} d5 {[%emt 0:00:01]} 2. e3 {[%emt 0:00:01]} e6 {[%emt 0:00:00]} 3. Nf3 {[%emt 0:00:01]} c5 {[%emt 0:00:00]} 4. dxc5 {[%emt 0:00:01]} Bxc5 {[%emt 0:00:02]} 5. c3 {[%emt 0:00:00]} Nc6 {[%emt 0:00:01]} 6. Bd3 {[%emt 0:00:00]} Nf6 {[%emt 0:00:02]} 7. O-O {[%emt 0:00:00]} Qc7 {[%emt 0:00:01]} 8. b4 {[%emt 0:00:01]} Bd6 {[%emt 0:00:01]} 9. g3 {[%emt 0:00:01]} h5 {[%emt 0:00:01]} 10. b5 {[%emt 0:00:01]} Ne5 {[%emt 0:00:02]} 11. Nxe5 {[%emt 0:00:01]} Bxe5 {[%emt 0:00:01]} 12. f4 {[%emt 0:00:00]} Bd6 {[%emt 0:00:02]} 13. Ba3 {[%emt 0:00:01]} g5 {[%emt 0:00:02]} 14. Bxd6 {[%emt 0:00:02]} Qxd6 {[%emt 0:00:01]} 15. fxg5 {[%emt 0:00:01]} Ng4 {[%emt 0:00:02]} 16. Qf3 {[%emt 0:00:03]} Rf8 {[%emt 0:00:03]} 17. h3 {[%emt 0:00:02]} Bd7 {[%emt 0:00:02]} 18. hxg4 {[%emt 0:00:02]} hxg4 {[%emt 0:00:01]} 19. Qxg4 {[%emt 0:00:01]} O-O-O {[%emt 0:00:01]} 20. Qf4 {[%emt 0:00:01]} e5 {[%emt 0:00:01]} 21. Qf6 {[%emt 0:00:02]} e4 {[%emt 0:00:02]} 22. Qxd6 {[%emt 0:00:01]} exd3 {[%emt 0:00:02]} 23. Qc5+ {[%emt 0:00:02]} Kb8 {[%emt 0:00:02]} 24. a4 {[%emt 0:00:02]} Rh8 {[%emt 0:00:02]} 25. a5 {[%emt 0:00:02]} Bh3 {[%emt 0:00:02]} 26. b6 {[%emt 0:00:03]} a6 {[%emt 0:00:01]} 27. Qc7+ {[%emt 0:00:01]} Ka8 {[%emt 0:00:01]} 28. Rxf7 {[%emt 0:00:01]} Rb8 {[%emt 0:00:04]} 29. Nd2 {[%emt 0:00:01]} Be6 {[%emt 0:00:02]} 30. Re7 {[%emt 0:00:02]} Bc8 {[%emt 0:00:02]} 31. Nf3 {[%emt 0:00:01]} d4 {[%emt 0:00:01]} 32. Nxd4 {[%emt 0:00:01]} Bg4 {[%emt 0:00:03]} 33. Nb5 {[%emt 0:00:01]} Bf3 {[%emt 0:00:01]} 34. Na7 {[%emt 0:00:02]} Rh1+ {[%emt 0:00:01]} 35. Kf2 {[%emt 0:00:02]} Rh2+ {[%emt 0:00:02]} 36. Kxf3 {[%emt 0:00:00]} Rhh8 {[%emt 0:00:02]} 37. Nc6 {[%emt 0:00:02]} Rhc8 {[%emt 0:00:03]} 38. Qxb8+ {[%emt 0:00:02]} Rxb8 {[%emt 0:00:01]} 39. Ne5 {[%emt 0:00:01] Âðåìÿ (Lag: Av=0.64s, max=1.2s)} 1-0